| 000 | 00000nam##2200000za#4500 |
| 001 | 9.645524 |
| 003 | CaOODSP |
| 005 | 20200401084023 |
| 007 | ta |
| 008 | 150407|1994||||xxc||||| f|0| 0 eng|d |
| 020 | |a0-662-22118-4 |
| 040 | |aCaOODSP|beng |
| 043 | |an-cn--- |
| 086 | 1 |aA53-1902/1994E |
| 110 | 1 |aCanada. |bAgriculture and Agri-Food Canada. |
| 245 | 10|aGrowing greenhouse seedless cucumbers in soil and soilless media / |cby A. P. Papadopoulos, Research Station, Harrow, Ontario. |
| 260 | |aOttawa - Ontario : |bAgriculture and Agri-Food Canada |c1994. |
| 300 | |a126p. : |bfigs., tables ; |c23 cm. |
| 500 | |aContents: Introduction.--The cucumber plant.--Environmental requirements.--Nutritional needs.--General cultural practices.--Conventional cropping in soil.--Cropping in soil with drip irrigation.--Cropping in peat and other organic media.--Cropping in rock wool and other inert media.--Nutrient film technique and other hydroponic systems. |
| 563 | |aSoftcover |
| 590 | |a94-18|b1994-05-06 |
| 690 | 07|aVegetable crops|2gcpds |
| 720 | 1 |aPapadopoulos, A. P. |
| 775 | 08|tSerriculture en terre et hors sol des concombres sans graines / |w(CaOODSP)9.679191 |
| 776 | 0#|tGrowing greenhouse seedless cucumbers in soil and in soilless media / |w(CaOODSP)9.699280 |
| 986 | |aPublication 1902/E |